Το μυρμήγκι
Saved in:
| Main Author: | |
|---|---|
| Format: | Book |
| Language: | Greek Dutch |
| Published: |
Αθήνα:
Ασε,
[197-].
|
| Series: | (Πολικός αστέρας / ΑΣΕ)
|
| Subjects: | |
| Tags: |
Add Tag
No Tags, Be the first to tag this record!
|
MARC
| LEADER | 00000cam a2200000 a 4500 | ||
|---|---|---|---|
| 001 | 1/124096 | ||
| 008 | 220107q197?####gr | ||| |||| ||gre|| | ||
| 040 | |a GR-MyUa |b gre |c GR-MyUa |e AACR2 | ||
| 041 | 1 | |a gre |h dut | |
| 082 | 7 | |a 808.068 |2 (23) | |
| 100 | 1 | |a Hoppenbrouwers, Frans, |d 1940- | |
| 245 | 1 | 3 | |a Το μυρμήγκι / |c Φράντς Χοπενμπρόουερς ; μετάφραση: Α. Νικηφόρου ; επιμέλεια: Χρ. Τσιαμίτας ; εικονογράφηση: Γιάν φαν Βεϊνχάαρντεν. |
| 246 | 1 | |i Άλλες παραλλαγές του τίτλου: |a Mara de mier | |
| 260 | |a Αθήνα: |b Ασε, |c [197-]. | ||
| 300 | |a 16 σ. : |b εγχρ. εικ., πιν. ; |c 22 εκ. | ||
| 490 | 0 | |a (Πολικός αστέρας / ΑΣΕ) | |
| 500 | |a Τίτλος πρωτοτύπου: Mara de mier. | ||
| 650 | 0 | |a Illustrated children's books |z Greece. | |
| 650 | 0 | |a Ants. | |
| 650 | 0 | |a Children |x Books and reading. | |
| 922 | |a 4ΕΛΗ |b 2022/01 | ||
| 970 | |a Σιδερή |b Νεκταρία |z 2022/01/07 | ||